| 000 | 00457nam a2200181Ia 4500 | ||
|---|---|---|---|
| 008 | 230711s9999||||xx |||||||||||||| ||und|| | ||
| 020 | _a978-93-83419-32-6 | ||
| 041 | _aENG | ||
| 082 |
_a720 _bMI-H |
||
| 100 | _aMital, Ranjana | ||
| 245 | 0 | _aHigh-density housing for mixed-income groups | |
| 250 | _a1st Ed. | ||
| 260 |
_c2016 _aGhaziabad _bCopal Publishing Group |
||
| 300 | _a84p. | ||
| 650 | _aArchitecture | ||
| 700 | _aNandi, Aneesh | ||
| 942 | _cBK | ||
| 999 |
_c6873 _d6873 |
||